Die 20 besten Horrorfilme - Statistiken

Allgemein
  • Dieses Quiz wurde 196 mal gespielt
  • Das Durchschnittsergebnis liegt bei 5 aus 20
Antwortstatistiken
Platz IMDb-Bewertung Jahr Subgenre Basierend auf Literatur? Film % Korrekt
6 8,1 1973 Exorzismus-Film Ja Der Exorzist
70%
1 8,5 1979 Science-Fiction-Horror Nein Alien
68%
2 8,5 1960 Psychologischer Horror, Horrorthriller Ja Psycho
66%
3 8,4 1980 Psychologischer Horror Ja Shining
46%
13 7,9 1922 Vampirfilm Ja Nosferatu, eine Symphonie des Grauens
41%
20 7,8 1978 Zombiefilm, Splatterfilm Nein Zombie
38%
16 7,8 1931 Science-Fiction-Horror, Monsterfilm Ja Frankenstein
34%
4 8,2 1982 Science-Fiction-Horror, Body Horror Ja Das Ding aus einer anderen Welt
23%
12 7,9 2004 Zombiefilm, Horrorkomödie Nein Shaun of the Dead
20%
15 7,8 2017 Psychologischer Horror, Horrorthriller Nein Get Out
19%
17 7,8 1968 Zombiefilm, Exploitationfilm Nein Die Nacht der lebenden Toten
13%
18 7,8 1987 Science-Fiction-Horror, Action-Horror Nein Predator
12%
14 7,9 1933 Fantasy-Horror, Monsterfilm Nein King Kong und die weiße Frau
7%
8 8,0 1968 Psychologischer Horror, Übernatürlicher Horror Ja Rosemaries Baby
4%
10 8,0 1920 Psychologischer Horror Nein Das Cabinet des Dr. Caligari
3%
19 7,8 1935 Science-Fiction-Horror, Monsterfilm Nein Frankensteins Braut
2%
7 8,1 1955 Psychologischer Horror, Horrorthriller Ja Die Teuflischen
1%
11 8,0 2014 Übernatürlicher Horror Nein The Blue Elephant
1%
5 8,2 2018 Folk Horror Nein Tumbbad
1%
9 8,0 1962 Psychologischer Horror, Horrorthriller Ja Was geschah wirklich mit Baby Jane?
1%
Keine übereinstimmenden Quizze gefunden
Verteilung der Resultate
Anzahl Personen mit jedem Resultat
Perzentil nach korrekt beantworteten Fragen
Ihre Resultats-Entwicklung
Sie haben dieses Quiz noch nicht gespielt